<?xml version="1.0" encoding="UTF-8"?>
<record
    xmlns:xsi="http://www.w3.org/2001/XMLSchema-instance"
    xsi:schemaLocation="http://www.loc.gov/MARC21/slim http://www.loc.gov/standards/marcxml/schema/MARC21slim.xsd"
    xmlns="http://www.loc.gov/MARC21/slim">

  <leader>01161nam a22001937a 4500</leader>
  <controlfield tag="008">251021b        |||||||| |||| 00| 0 eng d</controlfield>
  <datafield tag="020" ind1=" " ind2=" ">
    <subfield code="a">9782372581219</subfield>
  </datafield>
  <datafield tag="040" ind1=" " ind2=" ">
    <subfield code="c">tbs</subfield>
  </datafield>
  <datafield tag="041" ind1=" " ind2=" ">
    <subfield code="a">fre</subfield>
  </datafield>
  <datafield tag="100" ind1=" " ind2=" ">
    <subfield code="a">Mass&#xE9;, Xavier</subfield>
    <subfield code="d">1977-</subfield>
    <subfield code="9">26231</subfield>
    <subfield code="e">author</subfield>
  </datafield>
  <datafield tag="245" ind1=" " ind2=" ">
    <subfield code="a">La route du lac</subfield>
    <subfield code="c">/ Xavier Mass&#xE9;.</subfield>
  </datafield>
  <datafield tag="260" ind1=" " ind2=" ">
    <subfield code="a">Peymeinade :</subfield>
    <subfield code="b">Taurnada &#xC9;ditions,</subfield>
    <subfield code="c">2023.</subfield>
  </datafield>
  <datafield tag="300" ind1=" " ind2=" ">
    <subfield code="a">279 pages ;</subfield>
    <subfield code="c">18 cm.</subfield>
  </datafield>
  <datafield tag="490" ind1=" " ind2=" ">
    <subfield code="a"> Le tourbillon des mots</subfield>
  </datafield>
  <datafield tag="520" ind1=" " ind2=" ">
    <subfield code="a">Blaches est un charmant village r&#xE9;put&#xE9; pour sa tranquillit&#xE9;&#x2026; Jusqu'au jour o&#xF9;, au lendemain d'une soir&#xE9;e, trois &#xE9;tudiants sont port&#xE9;s disparus. Que s'est-il pass&#xE9; cette nuit-l&#xE0; ? Que s'est-il pass&#xE9; sur l'unique route qui m&#xE8;ne au lac ? Amis, voisins, connaissances&#x2026; pour les enqu&#xEA;teurs, tous sont suspects. Bienvenue &#xE0; Blaches.</subfield>
  </datafield>
  <datafield tag="520" ind1=" " ind2=" ">
    <subfield code="a">Blaches is a charming village known for its tranquility&#x2026; until one day, after a party, three students go missing.
What happened that night?
What happened on the only road leading to the lake?
Friends, neighbors, acquaintances&#x2014;for the investigators, everyone is a suspect.
Welcome to Blaches.</subfield>
  </datafield>
  <datafield tag="650" ind1=" " ind2="0">
    <subfield code="a">Detective and mystery fiction</subfield>
    <subfield code="9">11612</subfield>
  </datafield>
  <datafield tag="942" ind1=" " ind2=" ">
    <subfield code="2">lcc</subfield>
  </datafield>
  <datafield tag="952" ind1=" " ind2=" ">
    <subfield code="0">0</subfield>
    <subfield code="1">0</subfield>
    <subfield code="2">lcc</subfield>
    <subfield code="4">0</subfield>
    <subfield code="7">0</subfield>
    <subfield code="a">TBS</subfield>
    <subfield code="b">TBS</subfield>
    <subfield code="d">2025-10-21</subfield>
    <subfield code="l">0</subfield>
    <subfield code="o">P-FR MAS</subfield>
    <subfield code="p">B05720</subfield>
    <subfield code="r">2025-10-21</subfield>
    <subfield code="t">1</subfield>
    <subfield code="w">2025-10-21</subfield>
    <subfield code="y">1</subfield>
  </datafield>
  <datafield tag="999" ind1=" " ind2=" ">
    <subfield code="c">5069</subfield>
    <subfield code="d">5069</subfield>
  </datafield>
</record>
